Bases da alimentacão racional (Record no. 45434)

MARC details
000 -Etiqueta do registo
Valores 00519cam a2200181 4500
100 ## - Dados gerais de processamento
Dados gerais 19890506d1941 m y0pory5003 ba
101 0# - Língua de publicação
Língua por
102 ## - País de publicação
País PT
200 1# - Titulo e menção de responsabilidade
Título próprio Bases da alimentacão racional
Primeira menção de responsabilidade por Ferreira de Mira
210 #9 - Publicação
Local de publicação Lisboa
Nome do editor Edições Cosmos,
Data de publicação imp. 1941
215 ## - Descrição física 
Paginação / Volumes 125, [3] p.
Dimensões 19 cm
225 2# - Colecção 
Título próprio da colecção Biblioteca Cosmos
Indicação de volume 10.
Número de parte ou secção 1.ª secção
Nome de parte ou secção Ciências e Técnicas
Indicação de volume 2
675 ## - CDU
Notação 613.2
700 #1 - Autor principal
Apelido Mira,
Nome M. Ferreira de,
Datas 1875-1953
801 #0 - Fonte de origem
País PT
Agência BN
Regras de catalogação RPC
990 ## - Elementos KOHA
Tipo de documento Livro
Holdings
Aquisição Empréstimo Código de barras Cota Permissão de empréstimo Tipo de documento Nota relativa ao exemplar
Biblioteca Municipal de Redondo Biblioteca Municipal de Redondo 056153 613.2 MIR Consulta presencial Livro oferta de Vergílio ambrósio

Powered by Koha